Intermediate Accounting . (Record no. 1429)

MARC details
005 - DATE AND TIME OF LATEST TRANSACTION
control field 20250415091834.0
020 ## - INTERNATIONAL STANDARD BOOK NUMBER
International Standard Book Number 0-07-229842-1
082 ## - DEWEY DECIMAL CLASSIFICATION NUMBER
Classification number 657. 044 SPI
100 ## - MAIN ENTRY--PERSONAL NAME
Author name SPICELAND, J. D.
245 ## - TITLE STATEMENT
Title Intermediate Accounting .
250 ## - EDITION STATEMENT
Edition statement 2nd Ed.
260 ## - PUBLICATION, DISTRIBUTION, ETC.
Place of publication, distribution, etc. New York,
Name of publisher, distributor, etc. Mcgraw-Hill Higher Education,
Date of publication, distribution, etc. 2001.
300 ## - PHYSICAL DESCRIPTION
Extent xxxii, 1098p.: Ill.;graphic
Other physical details Index
Dimensions 28cm.
700 ## - ADDED ENTRY--PERSONAL NAME
Other authors/Editors SEPE, J.F.& TOMASSINI, L.A.
856 ## - ELECTRONIC LOCATION AND ACCESS
Link text Access Online Book
Electronic name Intermediate Accounting
Path www.mhhe.com/spiceland2e
942 ## - ADDED ENTRY ELEMENTS (KOHA)
Source of classification or shelving scheme Dewey Decimal Classification
Koha item type Books
Holdings
Date last seen Total checkouts Full call number Barcode Cost, replacement price Price effective from Koha item type Lost status Source of classification or shelving scheme Damaged status Not for loan Withdrawn status Home library Current library Shelving location Date acquired Cost, normal purchase price
06/27/2025   657.0BEE DOM0001935 375000.00 06/27/2025 Books   Dewey Decimal Classification       CBE Dodoma CBE Dodoma General Collection 04/26/2010 125000.00
06/27/2025   657.044SPI DOM0002089 375000.00 06/27/2025 Books   Dewey Decimal Classification       CBE Dodoma CBE Dodoma General Collection 04/26/2010 125000.00
06/27/2025   657.044SPI DOM0002081 375000.00 06/27/2025 Books   Dewey Decimal Classification       CBE Dodoma CBE Dodoma General Collection 04/26/2010 125000.00
06/27/2025   657.044SPI DOM0002095 375000.00 06/27/2025 Books   Dewey Decimal Classification       CBE Dodoma CBE Dodoma General Collection 04/26/2010 125000.00
06/27/2025   657.044SPI DOM0002088 375000.00 06/27/2025 Books   Dewey Decimal Classification       CBE Dodoma CBE Dodoma General Collection 04/26/2010 125000.00
06/27/2025   657.044SPI DOM0002082 375000.00 06/27/2025 Books   Dewey Decimal Classification       CBE Dodoma CBE Dodoma General Collection 04/26/2010 125000.00
06/27/2025   657.044SPI DOM0002086 375000.00 06/27/2025 Books   Dewey Decimal Classification       CBE Dodoma CBE Dodoma General Collection 04/26/2010 125000.00
06/27/2025   657.044SPI DOM0002087 375000.00 06/27/2025 Books   Dewey Decimal Classification       CBE Dodoma CBE Dodoma General Collection 04/26/2010 125000.00
06/27/2025   657.044SPI DOM0001945 375000.00 06/27/2025 Books   Dewey Decimal Classification       CBE Dodoma CBE Dodoma General Collection 04/26/2010 125000.00
04/15/2025   657. 044 SPI 0000005442 375000.00 04/15/2025 Books   Dewey Decimal Classification       College of Business Education Main Library College of Business Education Main Library General Collection 04/15/2025 125000.00
04/15/2025   657. 044 SPI 0000005443 375000.00 04/15/2025 Books   Dewey Decimal Classification       College of Business Education Main Library College of Business Education Main Library General Collection 04/15/2025 125000.00